| Tag |
First Indicator |
Second Indicator |
Subfields |
| LEADER |
00000cam a2200000 a 4500 |
| 001 |
in00000079767 |
| 005 |
20151008054008.0 |
| 008 |
791213m19781979enka b 10110 engm |
| 010 |
|
|
|a 79321307
|
| 015 |
|
|
|a GB79-04407 (v. 1)
|
| 020 |
|
|
|a 0900983795 :
|c 21.50
|
| 035 |
|
|
|a (OCoLC)05892084
|
| 035 |
|
|
|9 AAH9301AM
|
| 040 |
|
|
|a DLC
|c DLC
|d m.c.
|d TXA
|d UtOrBLW
|
| 049 |
|
|
|a TXAM
|v 1 [1654721]
|v 2 [1654722]
|
| 050 |
0 |
0 |
|a TJ838
|b .I58 1978
|
| 082 |
0 |
|
|a 621.9/3
|
| 111 |
2 |
|
|a International Symposium on Jet Cutting Technology
|n (4th :
|d 1978 :
|c University of Kent)
|
| 245 |
1 |
0 |
|a Papers presented at the Fourth International Symposium on Jet Cutting Technology, held at the University of Kent at Canterbury, England, April 12th to 14th, 1978.
|
| 264 |
|
1 |
|a Cranfield :
|b BHRA Fluid Engineering,
|c 1978-79.
|
| 300 |
|
|
|a 2 volumes :
|b illustrations ;
|c 30 cm.
|
| 336 |
|
|
|a text
|b txt
|2 rdacontent
|
| 337 |
|
|
|a unmediated
|b n
|2 rdamedia
|
| 338 |
|
|
|a volume
|b nc
|2 rdacarrier
|
| 500 |
|
|
|a "Organised and sponsored by BHRA Fluid Engineering."
|
| 500 |
|
|
|a "Editors: H.S. Stephens, Jenny Clarke, C.A. Stapleton."
|
| 504 |
|
|
|a Includes bibliographical references and indexes.
|
| 650 |
|
0 |
|a Jet cutting
|x Congresses.
|
| 700 |
1 |
|
|a Stephens, Herbert Simon.
|
| 700 |
1 |
|
|a Clarke, Jenny.
|
| 700 |
1 |
|
|a Stapleton, C. A.
|
| 710 |
2 |
|
|a BHRA (Association)
|
| 999 |
|
|
|a MARS
|
| 999 |
f |
f |
|s e184ec84-51eb-30c3-a3eb-065600683bd0
|i 9bb2cb94-2cc7-35f4-ac54-ad7841805b18
|t 0
|
| 952 |
f |
f |
|p ric
|a Texas A&M University
|b Rellis Campus
|c Joint Library Facility
|d Remote Storage
|t 0
|e TJ838 .I58 1978
|h Library of Congress classification
|i unmediated -- volume
|k v.1
|m A14806249861
|
| 952 |
f |
f |
|p ric
|a Texas A&M University
|b Rellis Campus
|c Joint Library Facility
|d Remote Storage
|t 0
|e TJ838 .I58 1978
|h Library of Congress classification
|i unmediated -- volume
|k v.2
|m A14806249879
|
| 998 |
f |
f |
|a TJ838 .I58 1978
|s v.1-v.2
|t 0
|l Remote Storage
|